=LDR 00000nam 2200000 4500 =001 INLIS000000000051520 =005 20170928093944 =035 ##$$a 0010-0917000324 =007 ta =008 170928###########################0###### =020 ##$$a 978 - 602 - 06620 - 7 - 8 =082 ##$$a 364 . 132 3 =084 ##$$a 364 . 132 3 PRA p =100 #$$a Prayitno Nur =245 1#$$a Penyakit sosial itu adalah korupsi /$c Prayitno Nur =260 ##$$a Yogyakarta :$b Istana Media,$c 2015 =300 ##$$a viii , 100 hlm . ; $c 21 cm . =650 ##$$a Korupsi =990 ##$$a 1175111751 =990 ##$$a 1175111751 =990 ##$$a 1175111751 =990 ##$$a 1175111751 =990 ##$$a 1175111751 =990 ##$$a 21703856 =990 ##$$a 01201711751 =990 ##$$a 01201711752 =990 ##$$a 01201711753 =990 ##$$a 01201711754 =990 ##$$a 21703857 =990 ##$$a 01201711751 =990 ##$$a 01201711752 =990 ##$$a 01201711753 =990 ##$$a 21703856 =990 ##$$a 21703858 =990 ##$$a 01201711751 =990 ##$$a 01201711752 =990 ##$$a 21703857 =990 ##$$a 21703856 =990 ##$$a 21703859 =990 ##$$a 01201711751 =990 ##$$a 21703858 =990 ##$$a 21703857 =990 ##$$a 21703856 =990 ##$$a 21703860 =990 ##$$a 21703859 =990 ##$$a 21703858 =990 ##$$a 21703857 =990 ##$$a 21703856